[Event "Drammen CC-ch Class1"]
[Site "Drammen"]
[Date "2012.04.24"]
[Round "9"]
[White "Hanssen, John Christian"]
[Black "Mather, Robert"]
[Result "1-0"]
[WhiteElo "1336"]
[BlackElo "1303"]
[PlyCount "75"]
[EventDate "2012.01.17"]
[EventType "swiss"]
[EventRounds "9"]
[EventCountry "NOR"]
[SourceTitle "EXT 2024"]
[Source "ChessBase"]
[SourceDate "2023.10.10"]
[SourceVersion "1"]
[SourceVersionDate "2023.10.10"]
[SourceQuality "1"]

1. d4 d5 2. c4 c6 3. cxd5 cxd5 4. Nf3 e6 5. Nc3 Nf6 6. Bg5 h6 7. Bh4 Nc6 8. e3 Be7 9. Bd3 0-0 10. 0-0 Nb4 11. Be2 a6 12. a3 Nc6 13. Rc1 Bd7 14. Na4 Ne4 15. Bxe7 Nxe7 16. Nc3 Nf6 17. Na4 Ne4 18. Nc5 Nxc5 19. Rxc5 Rc8 20. Qc2 Qb6 21. b4 Nc6 22. Qc3 Qa7 23. Qd2 b6 24. Rc3 b5 25. Rc5 a5 26. Bxb5 axb4 27. axb4 Qb6 28. Bxc6 Rxc6 29. Ne5 Rd8 30. Nxc6 Bxc6 31. Rfc1 Bb5 32. Rc8 Rxc8 33. Rxc8+ Kh7 34. Qc2+ g6 35. Qc3 Bc4 36. Rxc4 dxc4 37. Qxc4 Qa7 38. h3 1-0

[Event "NOR-chT Clubs"]
[Site "Drammen"]
[Date "2010.10.09"]
[Round "2.52"]
[White "Mather, Robert"]
[Black "Valerhaugen, Kjell"]
[Result "0-1"]
[WhiteElo "1334"]
[BlackElo "1378"]
[PlyCount "64"]
[EventDate "2010.10.08"]
[EventType "team"]
[EventRounds "6"]
[EventCountry "NOR"]
[SourceTitle "EXT 2015"]
[Source "ChessBase"]
[SourceDate "2014.11.20"]
[SourceVersion "1"]
[SourceVersionDate "2014.11.20"]
[SourceQuality "1"]
[WhiteTeam "Drammen II"]
[BlackTeam "Modum"]
[WhiteTeamCountry "NOR"]
[BlackTeamCountry "NOR"]

1. d4 Nf6 2. c4 e6 3. Nf3 d5 4. e3 Be7 5. Nc3 0-0 6. cxd5 exd5 7. Bd3 Bg4 8. 0-0 Nbd7 9. h3 Bh5 10. Be2 c6 11. a3 Qc7 12. b4 a6 13. Bb2 Rfe8 14. Rc1 Qb8 15. Qc2 Bg6 16. Bd3 Bxd3 17. Qxd3 h6 18. Nh4 Nb6 19. Rc2 Nc4 20. Bc1 b5 21. Nf5 Bf8 22. f3 g6 23. Ng3 Qxg3 24. e4 dxe4 25. Qd1 e3 26. Ne2 Qd6 27. Rc3 Nd5 28. Rd3 Bg7 29. Qc2 Rac8 30. Nc3 Nxc3 31. Qxc3 Rcd8 32. Re1 Bxd4 0-1